000
00254nam a2200109Ia 4500
008
220214s9999 xx 000 0 und d
100
_a
Jones FE
245
0
_a
Precast concrete pavings
260
_b
Rubber Developments
_c
1957
300
_a
3p
942
_c
RE
999
_c
45653
_d
45653